Top 139 beliebtesten Vornamen der 1950er - Statistiken

Allgemein
  • Dieses Quiz wurde 51 mal gespielt
  • Das Durchschnittsergebnis liegt bei 92 aus 139
Antwortstatistiken
📍 Vorname % Korrekt
An.e ♀️ Anne
90%
An.a ♀️ Anna
86%
Br.g.t.e ♀️ Brigitte
86%
F.a.z ♂️ Franz
86%
J.s.f ♂️ Josef
86%
Ka.l ♂️ Karl
86%
P.t.r ♂️ Peter
86%
B.r.d ♂️ Bernd
83%
D.v.d ♂️ David
83%
El.s.b..h ♀️ Elisabeth
83%
G.o.g ♂️ Georg
83%
J.h..n ♂️ Johann
83%
Ba.b..a ♀️ Barbara
81%
B.r.h..d ♂️ Bernhard
81%
F.a.z.s.a ♀️ Franziska
81%
Ha.s ♂️ Hans
81%
Ol.f ♂️ Olaf
81%
Ra.f ♂️ Ralf
81%
U.e ♂️ Uwe
81%
Bi.g.t ♀️ Birgit
79%
Di.t.r ♂️ Dieter
79%
Je.s ♂️ Jens
79%
M.x.m.l..n ♂️ Maximilian
79%
Pa.l ♂️ Paul
79%
Ro.f ♂️ Rolf
79%
S.s.n ♀️ Susan
79%
Th.m.s ♂️ Thomas
79%
U.s..a ♀️ Ursula
79%
W.l.g..g ♂️ Wolfgang
79%
A.n.s ♀️ Agnes
76%
A.f..d ♂️ Alfred
76%
A.d..a ♀️ Andrea
76%
A.t.n ♂️ Anton
76%
Bä.b.l ♀️ Bärbel
76%
Ge.d ♂️ Gerd
76%
Ge.h..d ♂️ Gerhard
76%
G.s..a ♀️ Gisela
76%
He.m.t ♂️ Helmut
76%
Jo.n ♂️ John
76%
J.t.a ♀️ Jutta
76%
K.r.n ♀️ Karin
76%
M.t.h..s ♂️ Matthias
76%
P.t.a ♀️ Petra
76%
S.s.n.e ♀️ Susanne
76%
U.e ♀️ Ute
76%
C.r..t..n ♂️ Christian
74%
C.r..t..h ♂️ Christoph
74%
E.i.a ♀️ Erika
74%
F.a.k ♂️ Frank
74%
Gü.t..r ♂️ Günther
74%
H.i.r..h ♂️ Heinrich
74%
H.i.z ♂️ Heinz
74%
I.g..d ♀️ Ingrid
74%
J.s.f..e ♀️ Josefine
74%
M.r.a ♀️ Maria
74%
No.b..t ♂️ Norbert
74%
E.a ♀️ Eva
71%
F.i.z ♂️ Fritz
71%
G.b..e.e ♀️ Gabriele
71%
He.b..t ♂️ Herbert
71%
I.g..f ♂️ Ingolf
71%
Ku.t ♂️ Kurt
71%
Wa.t.r ♂️ Walter
71%
We.n.r ♂️ Werner
71%
Al.n ♂️ Alan
69%
A.d.e.s ♂️ Andreas
69%
H.r..d ♂️ Harald
69%
H.r.m.t ♂️ Hartmut
69%
H.l.a ♀️ Helga
69%
K.t..r..a ♀️ Katharina
69%
Ma.f..d ♂️ Manfred
69%
M.c.a.l ♂️ Michael
69%
P.t..c.a ♀️ Patricia
69%
R.b..t ♂️ Robert
69%
R.d.g.r ♂️ Rüdiger
69%
S.b..e ♀️ Sabine
69%
Wi.f.i.d ♂️ Wilfried
69%
Al..a.d.r ♂️ Alexander
67%
An..t.e ♀️ Annette
67%
De.l.v ♂️ Detlev
67%
Ma.g.r..e ♀️ Margarete
67%
R.c.a.d ♂️ Richard
67%
St.p..n ♂️ Stephen
67%
U.r..h ♂️ Ulrich
67%
C.r.l ♀️ Carol
64%
Ge.t..d ♀️ Gertrud
64%
H.n..l..e ♀️ Hannelore
64%
Ho.g.r ♂️ Holger
64%
Ma.t.n ♂️ Martin
64%
Ma.y ♀️ Mary
64%
R.l..d ♂️ Roland
64%
Ru.h ♀️ Ruth
64%
St.f.n ♂️ Stefan
64%
B.t.i.a ♀️ Bettina
62%
C.r..t..e ♀️ Christine
62%
C.r..t.p..r ♂️ Christopher
62%
J.a.h.m ♂️ Joachim
62%
Jü.g.n ♂️ Jürgen
62%
C.r.s.a ♀️ Christa
60%
C.r..t.a.e ♀️ Christiane
60%
G.d..n ♀️ Gudrun
60%
K.a.s ♂️ Klaus
60%
S.g..d ♀️ Sigrid
60%
U.r..e ♀️ Ulrike
60%
Vo.k.r ♂️ Volker
60%
A.g..a ♀️ Angela
57%
Ra.n.r ♂️ Rainer
57%
H.i.e ♀️ Heike
55%
H.r.t ♂️ Horst
55%
Ka.s..n ♂️ Karsten
55%
R.n..e ♀️ Renate
55%
Ri.a ♀️ Rita
55%
M.r.a..e ♀️ Marianne
52%
M.r..n ♀️ Marion
52%
R.g..a ♀️ Regina
52%
Si.v.a ♀️ Silvia
52%
An.e ♀️ Anke
50%
B.a.e ♀️ Beate
50%
C.r..t.l ♀️ Christel
50%
J.n.t ♀️ Janet
50%
Ma.t..a ♀️ Martina
50%
M.n..a ♀️ Monika
50%
R.n..d ♂️ Ronald
50%
To.s..n ♂️ Torsten
50%
A.g.l..a ♀️ Angelika
48%
El.e ♀️ Elke
48%
L.t..r ♂️ Lothar
48%
M.r..a ♀️ Marina
48%
H.b..t ♂️ Hubert
45%
Ma.l..s ♀️ Marlies
45%
Co.n.l.a ♀️ Cornelia
43%
Ot.m.r ♂️ Ottmar
40%
R.i.h.r.t ♂️ Reinhardt
40%
A.t..d ♀️ Astrid
38%
Da.m.r ♀️ Dagmar
38%
L.n.a ♀️ Linda
38%
C.a.d.a ♀️ Claudia
33%
Ki.s..n ♀️ Kirsten
31%
S.n.e ♂️ Sönke
17%
Keine übereinstimmenden Quizze gefunden
Verteilung der Resultate
Anzahl Personen mit jedem Resultat
Perzentil nach korrekt beantworteten Fragen
Ihre Resultats-Entwicklung
Sie haben dieses Quiz noch nicht gespielt